[Event "Master Tournament"]
[Site "Dortmund"]
[Date "1999.07.16"]
[Round "8"]
[White "Varga, Zoltan"]
[Black "Bischoff, Klaus"]
[Result "1/2-1/2"]
[WhiteElo "2541"]
[BlackElo "2509"]

1.e4 c5 2.Nf3 e6 3.d4 cxd4 4.Nxd4 a6 5.Bd3 Nf6 6.O-O d6 7.c4 Bd7 8.Nc3 Nc6
9.Nxc6 Bxc6 10.Qe2 Be7 11.b3 O-O 12.Bb2  1/2-1/2

[Event "Komercni Banka op"]
[Site "Pardubice"]
[Date "1999.07.17"]
[Round "2"]
[White "Anka, Emil"]
[Black "Zvara, Petr"]
[Result "1-0"]
[WhiteElo "2487"]
[BlackElo "2347"]

1.e4 c5 2.Nf3 e6 3.d4 cxd4 4.Nxd4 a6 5.Bd3 Nc6 6.Nxc6 bxc6 7.O-O d5 8.c4 Nf6
9.Nc3 d4 10.Na4 c5 11.e5 Nd7 12.Be4 Ra7 13.f4 f5 14.exf6 Nxf6 15.Bc6+ Bd7
16.Qe2 Kf7 17.Bxd7 Qxd7 18.b3 Bd6 19.Nb2 Re8 20.Nd3 Qc7 21.Bd2 a5 22.Rae1 Kg8
23.Qf3 Ra6 24.Re2 a4 25.b4 cxb4 26.c5 Bxc5 27.Rc1 b3 28.Rxc5 Qb6 29.axb3 a3
30.Rc1 a2 31.Qf1 Ra3 32.Bb4 Rxb3 33.Rxa2 Qb5 34.Rd1 Nd5 35.Ra5 Qc4 36.Rc5 Qa6
37.Ra5 Qc4 38.Rc5 Qa6 39.Rxd5 exd5 40.Bc5 Qc4 41.Bd6 Re3 42.Ne5 Qe2 43.Bc5 Qxf1+
44.Kxf1 Rec3 45.Bxd4 Rc2 46.Ra1 h5 47.Nf3 Kh7 48.h3 Rc4 49.Nd2 Rxd4 50.Nxb3 Rxf4+
51.Ke2 Re4+ 52.Kd3 Kg6 53.Nd4 Kg5 54.Ra6 Kh4 55.Rd6 Kg3 56.Rxd5 Re1 57.Rg5+ Kf2
58.Nf3 Re3+ 59.Kd4 Re2 60.Rxg7 Kf1  1-0

[Event "Arthur Dake Int"]
[Site "San Francisco"]
[Date "1999.07.17"]
[Round "6"]
[White "Hummel, Patrick"]
[Black "Paragua, Mark"]
[Result "0-1"]
[WhiteElo "2330"]
[BlackElo "2268"]

1.e4 c5 2.Nf3 e6 3.d4 cxd4 4.Nxd4 a6 5.Bd3 Qc7 6.O-O Nf6 7.c4 Nc6 8.Nxc6 dxc6
9.Nc3 Bd6 10.f4 e5 11.f5 Bb4 12.Bd2 Bd7 13.Qe2 O-O-O 14.Rad1 h5 15.Kh1 Bc5
16.Na4 Bd4 17.c5 h4 18.Nb6+ Kb8 19.Be3 Nh5 20.Bxd4 exd4 21.e5 Bc8 22.b4 Qe7
23.Kg1 Rh6 24.Rf3 g5 25.f6 Qc7 26.Bf5 g4 27.Rff1 Ng3 28.hxg3 hxg3 29.Bxg4 Rdh8
30.Bh3 Bxh3 31.gxh3 Rxh3 32.Qe4 Ka7 33.Rxd4 Qb8 34.Rfd1 g2 35.R1d3 Rh1+ 36.Kxg2 R8h2+
37.Kf3 Qh8 38.Qg4 Rf1+ 39.Ke3 Qh6+ 40.Rf4 Rxf4 41.Qxf4 Rh3+ 42.Ke2 Qxf4 43.Rxh3 Qxe5+
44.Re3 Qb2+ 45.Kd1 Qb1+ 46.Ke2 Qxb4  0-1

[Event "Komercni Banka op"]
[Site "Pardubice"]
[Date "1999.07.18"]
[Round "3"]
[White "Hagarova, Zuzana"]
[Black "Mrva, Martin"]
[Result "0-1"]
[WhiteElo "2328"]
[BlackElo "2441"]

1.e4 c5 2.Nf3 e6 3.d4 cxd4 4.Nxd4 a6 5.Bd3 Qc7 6.O-O Nf6 7.Nc3 h5 8.Kh1 Bc5
9.Nf3 Ng4 10.Qe2 Nc6 11.g3 d6 12.h3 Nge5 13.Nxe5 dxe5 14.Be3 Nd4 15.Qd1 Bd7
16.Ne2 h4 17.g4 Nf3 18.Ng1 Bxe3 19.fxe3 Nxg1 20.Kxg1 Bc6 21.a4 Qe7 22.Qe1 Qg5
23.Kh2 O-O 24.Qf2 Rad8 25.b4 b6 26.Bxa6 Bxe4 27.Rad1 Rxd1 28.Rxd1 f5 29.Bc4 fxg4
30.Bxe6+ Kh7 31.Qe1 Rf2+  0-1

[Event "Komercni Banka op"]
[Site "Pardubice"]
[Date "1999.07.19"]
[Round "4"]
[White "Zontakh, Andrey"]
[Black "Ionescu, Constantin"]
[Result "1-0"]
[WhiteElo "2535"]
[BlackElo "2434"]

1.e4 c5 2.Nf3 e6 3.d4 cxd4 4.Nxd4 a6 5.Bd3 Nf6 6.O-O d6 7.c4 b6 8.Nc3 Bb7
9.Qe2 Nbd7 10.f4 Qc7 11.f5 e5 12.Nf3 Be7 13.Bg5 h6 14.Bh4 Rc8 15.Rac1 Bd8
16.Nd2 Nh7 17.Bf2 Bg5 18.Rc2 Bxd2 19.Rxd2 Nhf6 20.Rfd1 Ke7 21.a4 g5 22.fxg6 fxg6
23.b3 Nc5 24.Bc2 Rcd8 25.Nd5+ Bxd5 26.exd5 Kf7 27.Be3 a5 28.Rf1 Kg7 29.Qf3 Rdf8
30.Rdf2 Qe7 31.Qh3 g5 32.Rf5 Nh7 33.Qf3 Rxf5 34.Qxf5 Nf8 35.h4  1-0

[Event "Komercni Banka op"]
[Site "Pardubice"]
[Date "1999.07.19"]
[Round "4"]
[White "Himdan, Maher"]
[Black "Schlosser, Philipp"]
[Result "1/2-1/2"]
[WhiteElo "2349"]
[BlackElo "2512"]

1.e4 c5 2.Nf3 e6 3.d4 cxd4 4.Nxd4 a6 5.Bd3 Qc7 6.O-O Nf6 7.Nd2 d6 8.c4 g6
9.b3 Bg7 10.Bb2 O-O 11.Re1 b6 12.Qc2 Bb7 13.Bc3 Nbd7 14.Qb2 Nc5 15.Bc2 e5
16.N4f3 Bc6 17.Rad1 a5 18.Qb1 b5 19.cxb5 Bxb5 20.Nc4 Bxc4 21.bxc4 Rfc8 22.Nd2 Ncd7
23.Ba4 Nb6 24.Bb5 d5 25.exd5 Nfxd5 26.cxd5 Qxc3 27.Ne4 Qb4 28.d6 Qxb1 29.Rxb1 Bf8
30.d7 Rd8 31.Bc6 Rab8 32.Rb5 Nc4 33.Nf6+ Kg7 34.Nd5 Rxb5 35.Bxb5 Nd6 36.Ba4 f6
37.g3 Kf7 38.Rb1 Nf5 39.Rb6 Bd6 40.Ra6 Ke6 41.Rxa5 Nd4 42.Ra7 e4 43.Ne3 Nf3+
44.Kf1 Nxh2+ 45.Kg2 Nf3 46.Ra6 Ne5 47.Bb3+ Kxd7 48.Ra7+ Kc6 49.Bd5+ Kb6 50.Rb7+ Ka6
51.Rxh7 Bc5 52.Bxe4 Rd2 53.Kg1 Rxa2 54.Rh6 Ra3 55.Kg2 Ra2 56.Kg1 Rxf2 57.Kxf2 Ng4+  1/2-1/2

[Event "Biel MTO"]
[Site "Biel"]
[Date "1999.07.20"]
[Round "11"]
[White "Bucher, Denis"]
[Black "Pikula, Dejan"]
[Result "0-1"]
[WhiteElo "2329"]
[BlackElo "2480"]

1.e4 c5 2.Nf3 e6 3.d4 cxd4 4.Nxd4 a6 5.Bd3 Qb6 6.Nb3 Qc7 7.O-O Nf6 8.c4 d6
9.Nc3 Nbd7 10.f4 g6 11.Kh1 Bg7 12.Be3 b6 13.Qe2 Bb7 14.Bg1 O-O 15.Rac1 Rfe8
16.Nd2 Rac8 17.b4 Qb8 18.Nb3 Qa8 19.h3 d5 20.e5 dxc4 21.Bxc4 Nh5 22.Bh2 Bxg2+
23.Qxg2 Rxc4  0-1

[Event "Komercni Banka op"]
[Site "Pardubice"]
[Date "1999.07.21"]
[Round "6"]
[White "Gorin, Leonid"]
[Black "Schlosser, Philipp"]
[Result "1/2-1/2"]
[WhiteElo "2388"]
[BlackElo "2512"]

1.e4 c5 2.Nf3 e6 3.d4 cxd4 4.Nxd4 a6 5.Bd3 Qc7 6.O-O Nf6 7.Qe2 d6 8.c4 g6
9.Nc3 Bg7 10.Bg5 Nbd7 11.Rac1 h6 12.Be3 O-O 13.Rfd1 Ne5 14.f3 Bd7 15.b3 Rad8
16.Qd2 Nxd3 17.Qxd3 Rfe8 18.Qd2 Kh7 19.Qf2  1/2-1/2

[Event "Komercni Banka op"]
[Site "Pardubice"]
[Date "1999.07.21"]
[Round "6"]
[White "Kolotilin, Yuri"]
[Black "Ionescu, Constantin"]
[Result "0-1"]
[WhiteElo "2334"]
[BlackElo "2434"]

1.e4 c5 2.Nf3 e6 3.d4 cxd4 4.Nxd4 a6 5.Bd3 Nf6 6.O-O d6 7.c4 g6 8.Nc3 Bg7
9.Be3 O-O 10.Qe2 b6 11.Rfd1 Bb7 12.Rac1 Nbd7 13.f3 Rc8 14.Nb3 Qc7 15.Qf2 Rfe8
16.Bf1 Bf8 17.Kh1 Ba8 18.Qh4 Qb8 19.Bg5 Nh5 20.Nd4 Ne5 21.b3 h6 22.Be3 Be7
23.Qf2 Kh7 24.Be2 Nf6 25.h3 Kg7 26.Bf1 Bf8 27.Nde2 b5 28.cxb5 axb5 29.Nd4 b4
30.Na4 d5 31.Rxc8 Rxc8 32.Nb6 Rd8 33.exd5 Nxd5 34.Nxd5 Rxd5 35.Bf4 Bd6 36.Be3 g5
37.Rd2 Ng6 38.Nb5 Bg3 39.Qg1 Rxb5 40.Bxb5 Qxb5 41.Bc5 Be5 42.Bd4 Bd5 43.Qe1 f6
44.Bxe5 Nxe5 45.Qd1 Qb7 46.Rf2 Qb6 47.Qd2 h5 48.Rf1 Ng6 49.Rd1 h4 50.Qd4 Qa5
51.Rd2 Nf4 52.Rc2 Qb5 53.Qf2 Qd3 54.Kh2 e5 55.Rd2 Qa6 56.Qc5 Qb7 57.Qd6 Kg6
58.Rc2 Ne6 59.Rc1 Kf5 60.Rc2 Qb5 61.Qe7 Nd4 62.Rd2 Qb7 63.Qd6 Kg6 64.Qf8 Bxf3
65.Rf2 e4 66.Qd8 Ne6 67.Qe8+ Kf5 68.Kh1 Qd5 69.Rf1 Qd3 70.Kg1 Qe2 71.Rf2 Qe1+
72.Rf1 Qg3 73.Rf2 Qd6 74.Qb5+ Kf4 75.Qe2 Nd4 76.Qe1 Qc5 77.gxf3 e3 78.Rf1 e2
79.Qd2+ Kg3 80.Qe1+ Kxh3 81.Kh1  0-1

[Event "Komercni Banka op"]
[Site "Pardubice"]
[Date "1999.07.21"]
[Round "6"]
[White "Markgraf, Alexander"]
[Black "Mrva, Martin"]
[Result "1/2-1/2"]
[WhiteElo "2258"]
[BlackElo "2441"]

1.e4 c5 2.Nf3 e6 3.d4 cxd4 4.Nxd4 a6 5.Bd3 Qc7 6.O-O Nf6 7.Qe2 h5 8.Kh1 Bc5
9.Nb3 Ba7 10.Nc3 Ng4 11.f4 Qb6 12.Nd1 Nc6 13.Bd2 d6 14.a4 Bd7 15.g3 e5 16.f5 Nd4
17.Nxd4 exd4 18.Bf4 Rc8 19.b3 O-O 20.h3 Nf6 21.Bg5 d5 22.e5 Ne4 23.Bxe4 dxe4
24.Qxh5 f6 25.exf6 Rxf6 26.Bxf6 Qxf6 27.Nf2 Rc7 28.Ng4 Qf7 29.Qg5 e3 30.Nh6+ Kf8
31.Nxf7 Bc6+ 32.Kg1 d3 33.Qd8+ Kxf7 34.Qxc7+ Kg8 35.Qd8+ Kh7 36.Qh4+ Kg8
37.Qd8+ Kf7 38.Qc7+ Ke8 39.Qc8+ Ke7 40.Qe6+ Kd8 41.Qd6+ Ke8 42.Qe6+ Kf8 43.Qd6+  1/2-1/2

[Event "SCO-ch"]
[Site "Edinburgh"]
[Date "1999.07.22"]
[Round "7"]
[White "Mannion, Stephen R"]
[Black "Rowson, Jonathan"]
[Result "0-1"]
[WhiteElo "2345"]
[BlackElo "2490"]

1.e4 c5 2.Nf3 e6 3.d4 cxd4 4.Nxd4 a6 5.Bd3 Qb6 6.Nb3 Qc7 7.O-O Nf6 8.Qe2 d6
9.N1d2 Nc6 10.f4 Be7 11.Nf3 e5 12.c4 O-O 13.f5 Nb4 14.Bg5 b5 15.cxb5 Nxd3
16.Qxd3 Qb6+ 17.Kh1 axb5 18.Bxf6 Bxf6 19.g4 Bb7 20.g5 Bd8 21.f6 g6 22.Rfe1 Re8
23.Nbd2 Qc6 24.Rac1 Qd7 25.a3 Ba5 26.Re2 Rad8 27.Qe3 Bxd2 28.Rxd2 Qg4 29.Re1 d5
30.Rg2 Qxe4 31.Qb6 Qxf3 32.Qxb7 e4 33.Qxb5 d4 34.Rf1 Qh5 35.Qb4 e3 36.Rg3 d3
37.Kg2 Qe2+ 38.Kg1 d2  0-1

[Event "Dutch Open"]
[Site "Dieren"]
[Date "1999.07.23"]
[Round "4"]
[White "De Vreugt, Dennis"]
[Black "Bosboom, Manuel"]
[Result "1-0"]
[WhiteElo "2398"]
[BlackElo "2476"]

1.e4 c5 2.Nf3 e6 3.d4 cxd4 4.Nxd4 a6 5.Bd3 Nf6 6.O-O Qc7 7.Qe2 d6 8.c4 g6
9.Nc3 Bg7 10.Rd1 O-O 11.Nf3 Nbd7 12.Bf4 Ng4 13.Rac1 Nge5 14.Nxe5 Nxe5 15.Qd2 Re8
16.Be2 Bf8 17.Bh6 Be7 18.b4 Nd7 19.Bg5 Bf8 20.Bf4 Ne5 21.Na4 Qc6 22.Nc3 Qc7
23.a3 b6 24.Bh6 Be7 25.Qd4 f6 26.Be3 Nd7 27.Nd5 Qd8 28.Nxe7+ Qxe7 29.Qxd6 Rb8
30.f4 Qxd6 31.Rxd6 e5 32.f5 Kg7 33.Rcd1 Re7 34.c5 bxc5 35.Bxa6 Bxa6 36.Rxd7 Rb7
37.Rxe7+ Rxe7 38.Bxc5 Rc7 39.a4 Bb7 40.a5 Bxe4 41.fxg6 Kxg6 42.a6 Kf5 43.Kf2 h5
44.Rd2 Rg7 45.g3 h4 46.Rd8 hxg3+ 47.hxg3 Rh7 48.a7 Rh2+ 49.Ke3 Rg2 50.a8=Q Rxg3+
51.Kd2 Bxa8 52.Rxa8 Ke4 53.Rd8 f5 54.Kc2 Rg7 55.Kc3 f4 56.b5 Kf3 57.Bd6 e4
58.Rf8  1-0

[Event "Dutch Open"]
[Site "Dieren"]
[Date "1999.07.24"]
[Round "5"]
[White "Solleveld, Maarten"]
[Black "Meijere, Agnese"]
[Result "1/2-1/2"]
[WhiteElo "2404"]
[BlackElo "2150"]

1.e4 c5 2.Nf3 e6 3.d4 cxd4 4.Nxd4 a6 5.Bd3 Nc6 6.Nxc6 dxc6 7.O-O e5 8.Nd2 Nf6
9.Nc4 Bd6 10.Qf3 Bg4 11.Qg3 h5 12.Bg5 Qc7 13.f4 Bc5+ 14.Kh1 h4 15.Bxh4 exf4
16.Qe1 O-O-O 17.e5 Nh5 18.Be2 Bxe2 19.Qxe2 Qd7 20.Nd6+ Bxd6 21.exd6 g5 22.Be1 Qxd6
23.Kg1 Nf6 24.Bc3 Rde8 25.Qd1 Qc5+  1/2-1/2

[Event "Aceimar op 6th"]
[Site "Mondariz Balneario"]
[Date "1999.07.31"]
[Round "5"]
[White "Saldano, Horacio"]
[Black "Strikovic, Aleksa"]
[Result "0-1"]
[WhiteElo "2321"]
[BlackElo "2518"]

1.e4 c5 2.Nf3 e6 3.d4 cxd4 4.Nxd4 a6 5.Bd3 Nf6 6.O-O Qc7 7.f4 Bc5 8.c3 Nc6
9.Be3 d6 10.Kh1 e5 11.Nc2 exf4 12.Rxf4 Ne5 13.b4 Bxe3 14.Nxe3 Be6 15.Qd2 Rc8
16.a4 O-O 17.Ra3 Nxd3 18.Qxd3 d5 19.Rxf6 dxe4 20.Qf1 gxf6 21.Qxf6 Qd8 22.Qf4 f5
23.c4 Qc7 24.Qh6 Qe5  0-1

[Event "Aceimar op 6th"]
[Site "Mondariz Balneario"]
[Date "1999.08.01"]
[Round "6"]
[White "Rocha, Sergio"]
[Black "Georgiev, Vladimir"]
[Result "0-1"]
[WhiteElo "2427"]
[BlackElo "2519"]

1.e4 c5 2.Nf3 e6 3.d4 cxd4 4.Nxd4 a6 5.Bd3 Nc6 6.Nxc6 dxc6 7.f4 e5 8.f5 b5
9.Qf3 Nf6 10.a4 Bb7 11.Be3 h5 12.h3 Bb4+ 13.Ke2 Qe7 14.c3 Bd6 15.Nd2 h4 16.Rhe1 Nh5
17.Kf1 Bc5 18.Nb3 Bxe3 19.Qxe3 Rd8 20.Nc5 Nf4 21.Be2 Bc8 22.a5 g6 23.Bg4 O-O
24.Rad1 Kg7 25.b4 Qf6 26.Kg1 Rfe8 27.Qf3 gxf5 28.exf5 Bxf5 29.Nxa6 Bd3 30.Nc5 e4
31.Qf2 Rd5 32.Re3 Qg5 33.g3 hxg3 34.Rxg3 Ng6 35.Bd7 e3 36.Qg2 e2 37.Re1 Qd2
38.Qf2 Re7 39.Bxc6 Rg5 40.Bg2 Qxe1+ 41.Qxe1 Rxg3 42.Kf2 Rge3 43.a6 Nf4 44.Bb7 Nxh3+
45.Kg2 R7e5 46.a7 Rg5+ 47.Kh2 Nf4 48.Qh4 Rh5  0-1

[Event "Lost Boys op"]
[Site "Antwerp"]
[Date "1999.08.02"]
[Round "4"]
[White "De Vreugt, Dennis"]
[Black "Chuchelov, Vladimir"]
[Result "1/2-1/2"]
[WhiteElo "2398"]
[BlackElo "2533"]

1.e4 c5 2.Nf3 e6 3.d4 cxd4 4.Nxd4 a6 5.Bd3 Qb6 6.Nb3 Qc7 7.c4 Nf6 8.Nc3 d6
9.O-O Be7 10.Be3 b6 11.f4 Bb7 12.Qf3 Nbd7 13.Qh3 h5 14.Kh1 g6 15.Bd4 Rh7
16.a4 Nc5 17.Nxc5 bxc5 18.Bxf6 Bxf6 19.f5 Ke7 20.fxg6 fxg6 21.Nd5+ exd5 22.exd5 Bc8
23.Rae1+ Kf7 24.Re6 Bxe6 25.Qxe6+ Kg7 26.Qxf6+ Kg8 27.Qe6+ Kh8 28.Bxg6 Rh6
29.Rf7 Qd8 30.Qf5 Kg8 31.g3 Rb8 32.Bxh5 Kh8 33.Bf3 Kg8 34.Qf4 Rg6 35.Bh5 Rg5
36.Ra7 Rg7 37.Rxg7+ Kxg7 38.Qf7+ Kh8 39.Bg6 Qg8 40.Qf6+ Qg7 41.Qh4+ Kg8 42.Bf5 Qe5
43.Be6+ Kg7 44.b3 Qe1+ 45.Kg2 Qe2+ 46.Kg1 Qe1+ 47.Kg2 Qd2+ 48.Kh1 Qe1+  1/2-1/2

[Event "Scandic Hotels CC"]
[Site "Stockholm"]
[Date "1999.08.02"]
[Round "3"]
[White "Anka, Emil"]
[Black "Sjoberg, Mats"]
[Result "1/2-1/2"]
[WhiteElo "2487"]
[BlackElo "2348"]

1.e4 c5 2.Nf3 e6 3.d4 cxd4 4.Nxd4 a6 5.Bd3 Ne7 6.O-O Nec6 7.Nb3 d6 8.Nc3 Nd7
9.f4 Qc7 10.Be3 Be7 11.Qh5 Nf6 12.Qh3 Bd7 13.a4 Nb4 14.a5 e5 15.Qf3 Bg4 16.Qf2 Be6
17.Bb6 Qc8 18.Nd2 exf4 19.Qxf4 O-O 20.Ra4 d5 21.e5 Nxd3 22.cxd3 Nd7 23.Bd4 Nc5
24.Bxc5 Qxc5+ 25.Kh1 b5 26.Nb3 Qc7 27.Raa1 b4 28.Na4 Qc2 29.Nd4 Qxd3 30.Nc6 Rae8
31.Nxe7+ Rxe7 32.Qxb4 Rfe8 33.Nc5 Qg6 34.Nxa6 Bh3 35.gxh3 Qxa6 36.Qf4 d4
37.Qxd4 Qb7+ 38.Kg1 Rxe5 39.Ra3 Rd5 40.Qf4 Re6 41.Raf3 Rg6+ 42.Kh1 f5 43.a6 Rxa6
44.Qe4 Rf6 45.Rxf5 Rdxf5 46.Qxb7 Rxf1+ 47.Kg2 R6f2+ 48.Kg3 Rf8 49.h4 Kh8
50.h5 R1f7 51.Qb6 Rf6 52.Qb7 R6f7 53.Qb6 Rf3+ 54.Kg2 R3f5 55.Qd6 h6 56.h4 Re8
57.Qd7 Re2+ 58.Kg3 Rf8 59.b4 Re3+ 60.Kg2 Re2+ 61.Kg3 Re3+ 62.Kg2 Rb3 63.Qe6 Rxb4
64.Qe7 Rfb8 65.Kg3 Rb3+ 66.Kf2 Ra8 67.Qe2 Rba3 68.Qd1 Rh3 69.Qd4 Ra2+ 70.Kg1 Rb3
71.Qd1 Rbb2 72.Qd8+ Kh7 73.Qd3+ Kg8 74.Qd5+ Kf8 75.Qd6+ Ke8 76.Qe6+ Kd8 77.Qg8+ Kc7
78.Qxg7+ Kb8 79.Qg8+ Ka7 80.Qg7+ Kb8 81.Qg8+ Ka7 82.Qf7+ Ka6 83.Qe6+ Kb5
84.Qd5+ Kb4 85.Qd4+ Ka3 86.Qa7+ Kb3 87.Qb6+ Kc3 88.Qe3+ Kb4 89.Qd4+ Ka3 90.Qa7+ Kb3
91.Qb6+ Kc4 92.Qc6+ Kd3 93.Qf3+ Kc4  1/2-1/2

[Event "Aceimar op 6th"]
[Site "Mondariz Balneario"]
[Date "1999.08.04"]
[Round "9"]
[White "Korneev, Oleg"]
[Black "Strikovic, Aleksa"]
[Result "1-0"]
[WhiteElo "2615"]
[BlackElo "2518"]

1.e4 c5 2.Nf3 e6 3.d4 cxd4 4.Nxd4 a6 5.Bd3 Nc6 6.Nxc6 dxc6 7.O-O e5 8.Nd2 Bc5
9.Nc4 f6 10.Qh5+ g6 11.Qe2 b5 12.Nd2 Be6 13.Nb3 Ba7 14.Be3 Bxe3 15.Qxe3 Bxb3
16.axb3 Ne7 17.b4 Qd6 18.c3 O-O 19.Bc2 Rfd8 20.Rfd1 Qc7 21.Rxd8+ Qxd8 22.Qh6 Kh8
23.h3 Ng8 24.Qe3 a5 25.bxa5 Rxa5 26.Rd1 Qc7 27.Bb3 Ra7 28.Bxg8 Kxg8 29.Qc5 Kg7
30.Rd6 Ra6 31.b4 h5 32.h4 Qc8 33.f3 Qc7 34.Kh2 Rb6 35.Kg3 Ra6 36.Kh2 Rb6
37.f4 exf4 38.e5 fxe5 39.Qxe5+ Kh7 40.Qe6  1-0

[Event "Chania op 9th"]
[Site "Chania"]
[Date "1999.08.05"]
[Round "3"]
[White "Touloumis, Anestis"]
[Black "Popchev, Milko"]
[Result "0-1"]
[WhiteElo "2111"]
[BlackElo "2498"]

1.e4 c5 2.Nf3 e6 3.d4 cxd4 4.Nxd4 a6 5.Bd3 Ne7 6.O-O Nec6 7.Nb3 d6 8.c4 Nd7
9.Nc3 Be7 10.Be3 O-O 11.f4 e5 12.Nd5 exf4 13.Bxf4 Nde5 14.Be2 Bg5 15.Bg3 Be6
16.Kh1 Rc8 17.Nd4 Bxd5 18.exd5 Nxd4 19.Qxd4 Bf6 20.Rac1 Re8 21.Qd2 Bg5 22.Bf4 Bxf4
23.Qxf4 Qb6 24.Qd2 a5 25.b3 Qc5 26.Qb2 Qe3 27.a3 g6 28.b4 b6 29.Rc3 Qd4 30.Qc2 axb4
31.axb4 Re7 32.Rd1 Qh4 33.Rh3 Qf6 34.Rf1 Qg7 35.Qa2 Nd7 36.Bg4 Qd4 37.Be2 Rce8
38.Qa4 Qd2 39.Bd3 Ne5 40.Qb3 Ng4 41.Rhf3 Re1 42.Qc2 Rxf1+ 43.Rxf1 Qxb4 44.h3 Ne5
45.Be2 Qc5 46.Qa4 Rc8 47.Qa7 Qe3 48.Qb7 Rf8  0-1

[Event "Chania op 9th"]
[Site "Chania"]
[Date "1999.08.05"]
[Round "3"]
[White "Asik, Josip"]
[Black "Solak, Dragan"]
[Result "1/2-1/2"]
[WhiteElo "2309"]
[BlackElo "2457"]

1.e4 c5 2.Nf3 e6 3.d4 cxd4 4.Nxd4 a6 5.Bd3 Nf6 6.O-O Qc7 7.Nd2 Bc5 8.c3 Nc6
9.Nxc6 dxc6 10.a4 a5 11.Qf3 O-O 12.Nc4 e5 13.Bg5 Ne8 14.Be3 Bxe3 15.Qxe3 c5
16.Qg3 f6 17.Rfd1 Be6 18.Rd2 Rd8 19.Rad1 Rf7 20.Qe3 Rfd7 21.Be2 Nd6 22.Rxd6 Rxd6
23.Rxd6 Rxd6 24.Nxd6 Qxd6 25.Qd3 Qb6 26.Qb5 Qxb5 27.Bxb5 g6 28.f3 f5 29.Kf2 Kf7
30.Ke3 Kf6 31.Kf2 Kg5 32.Kg3 Bb3 33.h4+ Kf6 34.Kf2 Bc2 35.Ke3 Bb3 36.Kd3 g5
37.hxg5+ Kxg5 38.exf5 Kxf5 39.Ke3 Bc2 40.Bd7+ Kg5 41.g3 h5 42.Bc8 b6 43.Bd7  1/2-1/2

[Event "MK Cafe Cup-B"]
[Site "Koszalin"]
[Date "1999.08.07"]
[Round "5"]
[White "Barglowski, Filip"]
[Black "Shevchenko, Sergey"]
[Result "1-0"]
[WhiteElo "2143"]
[BlackElo "2320"]

1.e4 c5 2.Nf3 e6 3.d4 cxd4 4.Nxd4 a6 5.Bd3 Ne7 6.f4 Nbc6 7.Be3 Qc7 8.O-O Ng6
9.Kh1 Nxd4 10.Bxd4 Nxf4 11.Qf3 e5 12.Be3 f6 13.Nc3 Ne6 14.Nd5 Qc6 15.Qh5+ g6
16.Nxf6+ Kd8 17.Qxe5 Bd6 18.Qa5+ Bc7 19.Qd2 Qd6 20.g3 b5 21.Nd5 Bb7 22.Bg5+ Kc8
23.Be7 Qc6 24.Bf6 Re8 25.Ne7+ Rxe7 26.Bxe7 Kb8 27.a4 bxa4 28.Qb4 d6 29.Qxa4 Qb6
30.Qc4 d5 31.exd5 Ka7 32.Be4 Rc8 33.dxe6 Bd6 34.Qd3 Bxe7 35.Bxb7 Qxb7+ 36.Qf3 Qb4
37.c3 Qc4 38.Rfd1 Qxe6 39.Re1 Qd6 40.Qe3+  1-0

[Event "BCF-ch 86th"]
[Site "Scarborough"]
[Date "1999.08.07"]
[Round "7"]
[White "Hunt, Adam"]
[Black "Kunte, Abhijit"]
[Result "1/2-1/2"]
[WhiteElo "2288"]
[BlackElo "2465"]

1.e4 c5 2.Nf3 e6 3.d4 cxd4 4.Nxd4 a6 5.Bd3 Qb6 6.c3 Nc6 7.Nxc6 dxc6 8.O-O e5
9.a4 Be6 10.a5 Qc7 11.Be3 Nf6 12.Qe2 Nd7 13.Nd2 Bc5 14.Bc4 Bxe3 15.Qxe3 Qd6
16.Rfd1 O-O 17.b3 Rfd8 18.Bxe6 Qxe6 19.Nc4 Qe7 20.Rd6 Nf6 21.Rad1 Ne8 22.R6d3 f6
23.Qd2 Rxd3 24.Qxd3 Nc7 25.Qd7 Kf8 26.Nb6 Re8 27.Qxe7+  1/2-1/2

[Event "Chania op 9th"]
[Site "Chania"]
[Date "1999.08.09"]
[Round "7"]
[White "Vuckovic, Bojan"]
[Black "Bogdanov, Emil"]
[Result "1-0"]
[WhiteElo "2433"]
[BlackElo "2257"]

1.e4 c5 2.Nf3 e6 3.d4 cxd4 4.Nxd4 a6 5.Bd3 Bc5 6.Nb3 Ba7 7.O-O Nc6 8.Qg4 Qf6
9.Kh1 h5 10.Qg3 h4 11.Qh3 Nb4 12.f4 Nxd3 13.cxd3 Ne7 14.Nc3 d5 15.Qf3 h3
16.g3 Bd7 17.Be3 Bxe3 18.e5 Qg6 19.Qxe3 Nf5 20.Qb6 O-O 21.Nd4 Bc6 22.Rae1 a5
23.Nce2 Nxd4 24.Qxd4 Bb5 25.Rf3 Rac8 26.Nc3 Bc6 27.g4 f6 28.Rxh3 Qxg4 29.Rg3 Qf5
30.Nd1 Rc7 31.Ne3 fxe5 32.fxe5 Qf4 33.Nc2 Qf2 34.Qxf2 Rxf2 35.Nd4 Bd7 36.Reg1 Bc8
37.R3g2 Rcf7 38.h3 Bd7 39.Rc1 Rxg2 40.Kxg2 Rf4 41.Ne2 Rb4 42.Rc2 d4 43.Kf2 Bc6
44.a3 Rb3 45.Nf4 Rb5 46.Nxe6 Rxe5 47.Nxd4 Be8 48.Nf3 Rh5 49.Rc8 Kf8 50.h4 Rb5
51.Rc2 Rb3 52.Ke3 Ke7 53.Nd2 Rb5 54.Rc7+ Kf6 55.Ne4+ Ke6 56.Rxg7 Rxb2 57.Rxb7 Rh2
58.Ra7 a4  1-0

[Event "MK Cafe Cup-A"]
[Site "Koszalin"]
[Date "1999.08.10"]
[Round "7"]
[White "Sulskis, Sarunas"]
[Black "Eingorn, Vereslav S"]
[Result "1-0"]
[WhiteElo "2521"]
[BlackElo "2589"]

1.e4 c5 2.Nf3 e6 3.d4 cxd4 4.Nxd4 a6 5.Bd3 Qb6 6.c3 Qc7 7.Nd2 Nf6 8.O-O d6
9.f4 Nbd7 10.Qe2 e5 11.fxe5 dxe5 12.Nf5 Nc5 13.Bc2 Be6 14.Nb3 Ncd7 15.Bg5 h6
16.Bh4 g6 17.Ne3 Bg7 18.Nd2 O-O 19.Bb3 Qc6 20.Rad1 Rfe8 21.Qf3 b5 22.h3 Qb7
23.Bxe6 Rxe6 24.Nb3 Qa7 25.Kh1 a5 26.Nd5 a4 27.Bf2 Qb7 28.Nc5 Nxc5 29.Bxc5 Rc8
30.Qe3 Nh5 31.Kh2 Nf4 32.g3 Nxd5 33.Rxd5 h5 34.Qd3 Qc6 35.Bb4 Rb8 36.Kg2 Bf6
37.Rd6 Rxd6 38.Bxd6  1-0

[Event "Budapest FS08 GM"]
[Site "Budapest"]
[Date "1999.08.11"]
[Round "5"]
[White "Pilgaard, Kim"]
[Black "Arnold, Lothar"]
[Result "1/2-1/2"]
[WhiteElo "2406"]
[BlackElo "2362"]

1.e4 c5 2.Nf3 e6 3.d4 cxd4 4.Nxd4 a6 5.Bd3 Bc5 6.Nb3 Ba7 7.Qe2 Nc6 8.Be3 d6
9.c4 Bxe3 10.Qxe3 e5 11.Nc3 Nf6 12.Be2 O-O 13.O-O Qe7 14.Rfd1 Rd8 15.Nd5 Nxd5
16.cxd5 Na7 17.Rac1 f5 18.f3 fxe4 19.fxe4 Nb5 20.Qb6 Rf8 21.a4 Nd4 22.Nxd4 exd4
23.Qxd4 Rf4 24.Bd3 Bg4 25.Re1 Re8 26.g3 Qf6 27.Qb6 Qg6 28.Qxb7 Bh3 29.Bf1 Rfxe4
30.Red1 Qh6 31.Rc3 R4e7 32.Qxa6 Qh5 33.Qd3 Bxf1 34.Rxf1 Re2 35.h4 Qg4 36.Qf3 Qd4+
37.Kh1 h6 38.b3 Kh8 39.Rc4 Qb2 40.Rf4 Kh7 41.Qd3+ Kg8 42.Qf3 Kh7 43.Rf7 Qe5
44.Qf5+ Qxf5 45.R7xf5 Rb2 46.R1f2 Rxb3 47.Kg2 Ra3 48.R5f4 Re5 49.Rd2 h5 50.g4 hxg4
51.Rxg4 Rf5 52.Rdd4 Re5 53.Rg3 Ra2+ 54.Kh3 Re7 55.Rf3 Ra7 56.Rff4 Ra1 57.Kg4 Rg1+
58.Kf5 Rg6 59.h5 Rf7+ 60.Ke4 Re7+ 61.Kd3 Rg1 62.Rg4 Ra1 63.Kc3 Re3+ 64.Kb4 Rb1+
65.Ka5 Re8 66.Rb4 Ra8+ 67.Kb5 Rb8+ 68.Ka5  1/2-1/2

[Event "MK Cafe Cup-B"]
[Site "Koszalin"]
[Date "1999.08.11"]
[Round "8"]
[White "Iwaniuk, Dorota"]
[Black "Agababean, Naira"]
[Result "1-0"]
[WhiteElo "2189"]
[BlackElo "2329"]

1.e4 c5 2.Nf3 e6 3.d4 cxd4 4.Nxd4 a6 5.Bd3 Qb6 6.Nb3 Qc7 7.O-O b5 8.a4 b4
9.a5 Bb7 10.Be3 d5 11.exd5 Bxd5 12.c4 Bb7 13.N1d2 Nf6 14.c5 Nc6 15.Qe2 Be7
16.Nc4 Rd8 17.Nd6+ Bxd6 18.cxd6 Qxd6 19.Bxa6 Bxa6 20.Qxa6 Ng4 21.Bf4 Qxf4
22.Qxc6+ Ke7 23.g3 Qf5 24.Qb7+ Kf6 25.Qxb4 Qh5 26.Qf4+ Kg6 27.h4 e5 28.Qf3 f5
29.Rfc1 h6 30.a6 Kh7 31.a7 e4 32.Qf4 Rhf8 33.Nc5 Qf7 34.Nxe4 fxe4 35.Qxf7 Rxf7
36.a8=Q Rxa8 37.Rxa8 Rxf2 38.b4 Rf3 39.Ra2 Rb3 40.Ra4 Rxg3+ 41.Kf1 Rb3 42.h5 Rb2
43.Rc7 Nf6 44.Rc5 e3 45.b5 Nd7 46.Rf5 Nf6 47.Rd4 Rh2 48.Rb4 Nxh5 49.Rf3 Nf6
50.b6 Nd5 51.Rb3 Rh1+ 52.Ke2 Rh2+ 53.Ke1 Ra2 54.b7 Ra1+ 55.Ke2 Ra2+ 56.Kd1 Ra1+
57.Kc2 e2 58.Rfe3 Nxe3+ 59.Rxe3 e1=Q 60.Rxe1 Rxe1 61.b8=Q Rg1 62.Kd3 Rg5
63.Ke4 Kg6 64.Qd6+ Kf7 65.Kf4 Kg8 66.Qd8+ Kf7 67.Ke4 Kg6 68.Qg8 Kf6 69.Qe8 Rg4+
70.Kd5 Rg5+ 71.Kd6 Kf5 72.Qf7+ Kg4 73.Ke6 Kg3 74.Qc7+ Kf3 75.Kf7 Kg4 76.Qc3 Kh4
77.Qf3 h5 78.Qf4+ Rg4 79.Qh2+ Kg5 80.Kxg7 Rf4 81.Qg3+ Rg4 82.Qe5+ Kh4+ 83.Kh6 Kh3
84.Kxh5 Rg2 85.Qe1 Kh2 86.Kh4 Rg1 87.Qf2+ Kh1 88.Qf3+  1-0

[Event "BCF-ch 86th"]
[Site "Scarborough"]
[Date "1999.08.11"]
[Round "10"]
[White "Haslinger, Stewart"]
[Black "Davies, Nigel R"]
[Result "0-1"]
[WhiteElo "2267"]
[BlackElo "2518"]

1.e4 c5 2.Nf3 e6 3.d4 cxd4 4.Nxd4 a6 5.Bd3 Qb6 6.Nb3 Qc7 7.O-O Nf6 8.c4 d6
9.Nc3 Nbd7 10.Qe2 g6 11.Be3 Bg7 12.Rfd1 O-O 13.f3 b6 14.Qf2 Rb8 15.Bf1 Ne5
16.Rac1 Rd8 17.Nd4 h6 18.b3 g5 19.g3 Bb7 20.Bg2 Ba8 21.h3 Qe7 22.Rd2 Rdc8
23.Qf1 Nh5 24.Nce2 Ng6 25.Kh2 Be5 26.f4 Nxg3 27.Qf3 gxf4 28.Nxg3 fxe3 29.Rd3 Qg5
30.Ne2 f5 31.Kh1 Nh4 32.Qh5 Nxg2  0-1

[Event "BCF-ch 86th"]
[Site "Scarborough"]
[Date "1999.08.12"]
[Round "11"]
[White "Lane, Gary W"]
[Black "Kunte, Abhijit"]
[Result "0-1"]
[WhiteElo "2409"]
[BlackElo "2465"]

1.e4 c5 2.Nf3 e6 3.d4 cxd4 4.Nxd4 a6 5.Bd3 Qb6 6.Nb3 Qc7 7.c4 Nf6 8.O-O Be7
9.f4 d6 10.Nc3 b6 11.e5 Nfd7 12.exd6 Bxd6 13.Ne4 Be7 14.Qg4 O-O 15.Qh3 Nc6
16.f5 exf5 17.Ng3 Nde5 18.Nxf5 Nxd3 19.Qxd3 Bf6 20.Ne3 Ne5 21.Qe2 Be6 22.Nd5 Bxd5
23.cxd5 Rfd8 24.Be3 Qc4 25.Rfe1 Qxe2 26.Rxe2 Nc4 27.Bd4 Bxd4+ 28.Nxd4 Rxd5
29.Nc6 Rc5 30.Nb4 Ne5 31.Rd1 f6 32.Rd6 a5 33.Nd5 Re8 34.Nf4 Rc1+ 35.Kf2 g5
36.Ne6 Kf7 37.Nd4 Rd1 38.Rc2 Ng4+ 39.Kg3 Rd3+ 40.Kxg4 Re4+  0-1